00583 2200205 4500001002100000005001500021035002000036007000300056008004100059082001200100084001800112100002200130245007900152250001200231260004900243300002100292600004500313856000800358990001100366INLIS00000000000028720260306104040 a0010-0326000049ta260306 0  a297.723 a297.723 UST a0 aUST. LUKMAN HAKIM1 aANEKA BIMBINGAN PIDATO UNTUK ANAK MUSLIM :bBEKAL UNTUK MENGIKUTI PILDACIL aPERTAMA aSurabaya :bCV. PUSTAKA AGUNG HARAPAN,c2015 a127 hlm ;c24 cm 4aANEKA BIMBINGAN PIDATO UNTUK ANAK MUSLIM a300 a35.957